|
|
|
|
| LEADER |
00784nam a22002412a 4500 |
| 001 |
001116595 |
| 003 |
CZ BrMZK |
| 005 |
20110406154655.0 |
| 007 |
ta |
| 008 |
100917s1982 xr er|||||||||||cze d |
| 015 |
|
|
|a cnb000126743
|
| 035 |
|
|
|a (OCoLC)17098349
|
| 040 |
|
|
|a BOA001
|b cze
|
| 100 |
1 |
|
|a Borská, Ilona,
|d 1928-2007
|7 jk01012697
|4 aut
|
| 245 |
1 |
0 |
|a Dekameron z nočního letiště /
|c Ilona Borská
|
| 250 |
|
|
|a 1. vyd.
|
| 260 |
|
|
|a Praha :
|b Vyšehrad,
|c 1982
|
| 300 |
|
|
|a 157 s.
|
| 856 |
4 |
1 |
|u http://www.digitalniknihovna.cz/mzk/uuid/uuid:b9e90e70-2cb8-11e3-8d9d-005056827e51
|y Digitalizovaný dokument
|x NDK
|
| 910 |
|
|
|a BOA001
|b 2-0850.479
|
| 990 |
|
|
|a BK
|
| 991 |
|
|
|b 201009
|
| 996 |
6 |
|
|b 2619362570
|c 2-0850.479
|l MZK
|r Sklad / do 1 hodiny
|n 1
|w 001144248
|u 000010
|a 1
|e BOA001
|j MZK50
|s P
|